000
00266nam a2200097Ia 4500
008
240331s9999 xx 000 0 und d
082
_b
TOW
100
_a
Salahuddin,K. ed
245
0
_a
Towards Beijing and beyond :
_b
women shaping policies in areas of concern
942
_c
L
999
_c
5520
_d
5520